UM Logo

The effect of perceptual fluency on overcoming the interference of the more a-more b intuitive rule among primary school students / (Record no. 18118)

MARC details
000 -LEADER
fixed length control field 01141nam a22002777a 4500
003 - CONTROL NUMBER IDENTIFIER
control field OSt
005 - DATE AND TIME OF LATEST TRANSACTION
control field 20251124133850.0
008 - FIXED-LENGTH DATA ELEMENTS--GENERAL INFORMATION
fixed length control field 230705b ||||| |||| 00| 0 eng d
040 ## - CATALOGING SOURCE
Transcribing agency 0
082 ## - DEWEY DECIMAL CLASSIFICATION NUMBER
Classification number DPer 370.15 J826 July-August 2020 v. 112 n. 5-6
100 ## - MAIN ENTRY--PERSONAL NAME
Personal name Liu, Ying.
Relator term author.
9 (RLIN) 48608
245 ## - TITLE STATEMENT
Title The effect of perceptual fluency on overcoming the interference of the more a-more b intuitive rule among primary school students /
Statement of responsibility, etc. Ying Liu, Jon Star, Rui Zen, Ru-De Liu, Jia Wang, and Huimin Tong.
260 ## - PUBLICATION, DISTRIBUTION, ETC. (IMPRINT)
Place of publication, distribution, etc. Washington ;
Name of publisher, distributor, etc. American Psychological Association ,
Date of publication, distribution, etc. July 2020.
300 ## - PHYSICAL DESCRIPTION
Extent Volume 112, pages 907-921 :
Other physical details illustration ;
Dimensions 28 cm.
500 ## - GENERAL NOTE
General note Journal of Educational Psychology, vol. 112, no. 5, pages 907-921, July 2020.
650 ## - SUBJECT ADDED ENTRY--TOPICAL TERM
Topical term or geographic name as entry element Psychology.
9 (RLIN) 48609
650 ## - SUBJECT ADDED ENTRY--TOPICAL TERM
Topical term or geographic name as entry element Perception.
9 (RLIN) 48610
650 ## - SUBJECT ADDED ENTRY--TOPICAL TERM
Topical term or geographic name as entry element Preschool education.
9 (RLIN) 48611
700 ## - ADDED ENTRY--PERSONAL NAME
Personal name Liu, Ying.
Relator term author.
9 (RLIN) 48608
700 ## - ADDED ENTRY--PERSONAL NAME
Personal name Star, Jon R.
Relator term author.
9 (RLIN) 48612
700 ## - ADDED ENTRY--PERSONAL NAME
Personal name Zen, Rui.
Relator term author.
9 (RLIN) 48613
700 ## - ADDED ENTRY--PERSONAL NAME
Personal name Liu, Ru-De.
Relator term author.
9 (RLIN) 48614
700 ## - ADDED ENTRY--PERSONAL NAME
Personal name Wang, Jia.
Relator term author.
9 (RLIN) 48615
700 ## - ADDED ENTRY--PERSONAL NAME
Personal name Tong, Huimin.
Relator term author.
9 (RLIN) 48616
942 ## - ADDED ENTRY ELEMENTS (KOHA)
Source of classification or shelving scheme Dewey Decimal Classification
Koha item type Periodicals
Holdings
Withdrawn status Lost status Source of classification or shelving scheme Damaged status Not for loan Collection code Home library Current library Date acquired Total Checkouts Full call number Date last seen Price effective from Koha item type Public note
    Dewey Decimal Classification     Periodicals UM Digos College - LIC UM Digos College - LIC 07/05/2023   DPer 370.15 J826 July-August 2020 v. 112 n. 5-6 07/05/2023 07/05/2023 Periodicals Periodical article